Digitální euro: pomyslný nástroj k otevřené strategické autonomii EU?
Návrh právneho rámca pre prípadné zavedenie digitálneho eura. Technické nastavenie a distribúcia možného digitálneho eura.
Gespeichert in:
| 1. Verfasser: | |
|---|---|
| Format: | Buchkapitel |
| Sprache: | Tschechisch |
| Schlagworte: | |
| Tags: |
Keine Tags, Fügen Sie das erste Tag hinzu!
|
MARC
| LEADER | 00000naa a2200000 4500 | ||
|---|---|---|---|
| 001 | 0297396 | ||
| 005 | 20240417075255.4 | ||
| 041 | 0 | |a cze | |
| 044 | |a CZ | ||
| 245 | 1 | 0 | |a Digitální euro: pomyslný nástroj k otevřené strategické autonomii EU? |c Maria Staszkiewicz |
| 520 | |a Návrh právneho rámca pre prípadné zavedenie digitálneho eura. Technické nastavenie a distribúcia možného digitálneho eura. | ||
| 610 | 2 | 0 | |a euro |
| 610 | 2 | 0 | |a mena virtuálna |
| 610 | 2 | 0 | |a úpravy právne |
| 610 | 2 | 0 | |a banky centrálne |
| 610 | 2 | 0 | |a technológie nové |
| 610 | 2 | 0 | |a Európska únia |
| 100 | 1 | |a Staszkiewicz, Maria | |